Bulgarian First League 2025/26 First XI - Statistics

General Stats
  • This quiz has been taken 7 times
  • The average score is 44 of 176
Answer Stats
Club Position Nationality Player % Correct
Lokomotiv Plovdiv FW Dimitar Iliev
83%
Montana DF Kostadin Iliev
83%
Cherno More GK Plamen Iliev
83%
Lokomotiv Sofia FW Spas Delev
67%
Arda GK Anatoli Gospodinov
50%
PFC Dobrudzha Dobrich FW Andrian Dimitrov
50%
Lokomotiv Sofia FW Ante Aralica
50%
PFC Dobrudzha Dobrich FW Anton Ivanov
50%
Botev Plovdiv GK Daniel Naumov
50%
Septemvri Sofia FW Galin Ivanov
50%
Ludogorets MF Ivaylo Chochev
50%
Lokomotiv Plovdiv MF Ivaylo Ivanov
50%
Botev Plovdiv FW Ivelin Popov
50%
Levski Sofia DF Kristian Dimitrov
50%
Ludogorets DF Son
50%
Ludogorets FW Stanislav Ivanov
50%
Levski Sofia GK Svetoslav Vutsov
50%
Cherno More MF Vasil Panayotov
50%
Lokomotiv Plovdiv DF Adrián Cova
33%
Spartak Varna MF Aleksandar Georgiev
33%
Botev Plovdiv FW Andrey Yordanov
33%
Arda FW Antonio Vutov
33%
Cherno More FW Asen Chandarov
33%
Cherno More FW Berk Beyhan
33%
Spartak Varna MF Berna
33%
Arda FW Bircent Karagaren
33%
Lokomotiv Plovdiv GK Bojan Milosavljević
33%
Cherno More DF Dani Martín
33%
CSKA 1948 GK Dimitar Sheytanov
33%
Arda DF Dimitar Velkovski
33%
Lokomotiv Sofia DF Dzhuinet Ali
33%
Ludogorets DF Edvin Kurtulus
33%
Lokomotiv Plovdiv MF Efe Ali
33%
Lokomotiv Plovdiv DF Enzo Espinoza
33%
Ludogorets FW Erick Marcus
33%
Levski Sofia MF Georgi Kostadinov
33%
Arda FW Georgi Nikolov
33%
CSKA Sofia GK Gustavo Busatto
33%
Ludogorets GK Hendrik Bonmann
33%
CSKA Sofia FW Ioannis Pittas
33%
Lokomotiv Plovdiv FW Juan Perea
33%
Lokomotiv Plovdiv MF Julien Lamy
33%
Levski Sofia FW Marin Petkov
33%
Slavia Sofia DF Martin Georgiev
33%
Lokomotiv Plovdiv DF Martin Hristov Ruskov
33%
Botev Vratsa FW Martin Petkov
33%
Levski Sofia FW Mustapha Sangaré
33%
Botev Plovdiv DF Nikola Soldo
33%
Botev Plovdiv MF Nikolay Minkov
33%
Cherno More FW Nikolay Zlatev
33%
Ludogorets DF Olivier Verdon
33%
Lokomotiv Sofia DF Patrik Galchev
33%
Botev Vratsa MF Spas Georgiev
33%
Botev Plovdiv MF Steven Petkov
33%
Lokomotiv Plovdiv DF Todor Pavlov
33%
Cherno More DF Vlatko Drobarov
33%
Spartak Varna MF Xande
33%
Septemvri Sofia GK Yanko Georgiev
33%
Ludogorets FW Yves Bile
33%
Cherno More DF Zhivko Atanasov
33%
CSKA Sofia DF Adrián Lapeña
17%
Beroe MF Alberto Salido
17%
Lokomotiv Sofia GK Aleksandar Lyubenov
17%
Montana DF Aleksandar Todorov
17%
Arda FW Andre Shinyashiki
17%
Botev Vratsa MF Antoan Stoyanov
17%
Montana DF Anton Tungarov
17%
Botev Vratsa DF Arian Kabashi
17%
Beroe GK Arthur Motta
17%
Cherno More FW Asen Donchev
17%
PFC Dobrudzha Dobrich MF Bogdan Kostov
17%
Septemvri Sofia FW Borislav Marinov
17%
Montana DF Borislav Vakadinov
17%
Lokomotiv Sofia DF Bozhidar Katsarov
17%
Botev Vratsa MF Bozhidar Penchev
17%
Septemvri Sofia DF Bozhidar Tomovski
17%
CSKA 1948 MF Brian Sobrero
17%
Beroe MF Carlos Algarra
17%
Levski Sofia MF Carlos Ohene
17%
Arda DF Cəlal Hüseynov
17%
Cherno More MF Celso Leitão
17%
CSKA 1948 DF Christopher Acheampong
17%
Botev Vratsa MF Daniel Genov
17%
Spartak Varna FW Daniel Halachev
17%
CSKA Sofia MF David Seger
17%
Montana DF Denis Dinev
17%
Slavia Sofia MF Denislav Aleksandrov
17%
Ludogorets MF Deroy Duarte
17%
Spartak Varna MF Deyan Lozev
17%
Botev Vratsa GK Dimitar Evtimov
17%
Botev Plovdiv DF Emil Martinov
17%
Slavia Sofia MF Emil Stoev
17%
CSKA 1948 MF Emil Tsenov
17%
Spartak Varna DF Emil Yanchev
17%
Lokomotiv Sofia MF Erol Dost
17%
Arda DF Félix Eboa Eboa
17%
CSKA 1948 FW Frédéric Maciel
17%
PFC Dobrudzha Dobrich GK Galin Grigorov
17%
Levski Sofia MF Gašper Trdin
17%
CSKA 1948 FW Georgi Rusev
17%
Septemvri Sofia DF Georgi Varbanov
17%
Lokomotiv Plovdiv FW Gianni Touma
17%
Botev Plovdiv FW Henrique Jocú
17%
Beroe MF Ismael Ferrer
17%
Spartak Varna DF Ivan Aleksiev
17%
Slavia Sofia MF Ivan Minchev
17%
CSKA Sofia FW Ivan Tasev
17%
PFC Dobrudzha Dobrich MF Ivaylo Klimentov
17%
Beroe DF Ivaylo Mitev
17%
Botev Plovdiv DF Ivaylo Videv
17%
PFC Dobrudzha Dobrich DF Jhonatan Cuero
17%
Beroe DF João Sérgio
17%
Slavia Sofia DF Jordan Semedo
17%
Beroe MF Juanca Pineda
17%
CSKA 1948 DF Juanmi Carrión
17%
Beroe DF Juan Salomoni
17%
Slavia Sofia GK Kahamba Ntumba
17%
Levski Sofia FW Karl Fabien
17%
Botev Plovdiv DF Konstantinos Balogiannis
17%
PFC Dobrudzha Dobrich MF Krasian Kolev
17%
Lokomotiv Sofia MF Krasimir Stanoev
17%
Slavia Sofia DF Kristiyan Stoyanov
17%
Septemvri Sofia DF Kubrat Onasci
17%
CSKA 1948 MF Kufre Eta
17%
Arda MF Lachezar Kotev
17%
Slavia Sofia DF Lazar Marin
17%
CSKA Sofia DF Liam Cooper
17%
PFC Dobrudzha Dobrich MF Lucas Cardoso
17%
CSKA Sofia DF Lumbardh Dellova
17%
Levski Sofia DF Maicon Esquerdinha
17%
Spartak Varna GK Maksym Kovalov
17%
CSKA 1948 FW Mamadou Diallo
17%
Botev Vratsa DF Martin Achkov
17%
Septemvri Sofia DF Martin Hristov
17%
Cherno More MF Martin Milushev
17%
Botev Vratsa FW Martin Smolenski
17%
CSKA 1948 FW Marto Boychev
17%
Spartak Varna DF Mateo Jurić-Petrašilo
17%
CSKA Sofia DF Michael Pinto
17%
PFC Dobrudzha Dobrich FW Milcho Angelov
17%
Botev Vratsa DF Milen Stoev
17%
Lokomotiv Sofia MF Mitko Mitkov
17%
Septemvri Sofia FW Moi Parra
17%
Montana DF Nikola Borisov
17%
Montana FW Nikolay Ganchev
17%
CSKA Sofia MF Olaus Skarsem
17%
Ludogorets MF Pedrinho
17%
Montana FW Philip Ejike
17%
Levski Sofia FW Radoslav Kirilov
17%
Lokomotiv Sofia MF Reyan Daskalov
17%
Slavia Sofia FW Roberto Raychev
17%
PFC Dobrudzha Dobrich MF Rumen Rumenov
17%
Lokomotiv Sofia FW Sadio Dembélé
17%
CSKA Sofia DF Sainey Sanyang
17%
Beroe FW Santiago Godoy
17%
Arda MF Serkan Yusein
17%
Ludogorets DF Simeon Shishkov
17%
Beroe MF Stefan Gavrilov
17%
Montana MF Stefan Kаmenov
17%
Septemvri Sofia MF Stoyan Stoichkov
17%
CSKA Sofia DF Thibaut Vion
17%
Botev Plovdiv MF Todor Nedelev
17%
Slavia Sofia MF Trần Thành Trung
17%
Spartak Varna MF Tsvetoslav Marinov
17%
Montana GK Vasil Simeonov
17%
PFC Dobrudzha Dobrich DF Ventsislav Kerchev
17%
Arda FW Viacheslav Veliev
17%
Septemvri Sofia MF Victor Ochayi
17%
Montana FW Viktor Atanasov Dobrev
17%
Beroe DF Viktorio Valkov
17%
Botev Vratsa FW Vladislav Naydenov
17%
Levski Sofia MF Wabo Kamdem
17%
CSKA 1948 DF William Fonkeu
17%
Slavia Sofia MF Yanis Guermouche
17%
Septemvri Sofia MF Yoan Baurenski
17%
Spartak Varna MF Zhak Pehlivanov
17%
No matching quizzes found
Score Distribution
Percent of People with Each Score
Percentile by Number Answered
Your Score History
You have not taken this quiz